Bulletin.

Bibliographic Details
Corporate Author: Japan. Maritime Safety Agency. Hydrographic Division
Format: Serial
Language:English
Language Notes:Title also in Japanese; text of some issues in Japanese.
Published: Tokyo, [publisher not identified] ; 19.
Subjects:

MARC

Tag First Indicator Second Indicator Subfields
LEADER 00000cas a2200000 4500
001 in00000046737
005 20151007075357.0
008 800613c19uu9999ja uu 0uuua1eng
010 |a  53031915  
035 |a (OCoLC)06418090 
035 |9 AAF3104AM 
040 |a DLC  |c TXA  |d UtOrBLW 
041 0 |a eng  |a jap 
049 |a TXAE 
050 0 |a VK597.J3  |b A3 
110 1 |a Japan.  |b Maritime Safety Agency.  |b Hydrographic Division. 
245 1 0 |a Bulletin. 
264 1 |a Tokyo,  |b [publisher not identified] ;  |c 19. 
300 |a  volumes in :  |b illustrations, maps (part folded, part color) charts, tables. ;  |c 27 cm. 
336 |a text  |b txt  |2 rdacontent 
337 |a unmediated  |b n  |2 rdamedia 
338 |a volume  |b nc  |2 rdacarrier 
500 |a Volumes 7- issued as Publication of the Hydrographic Dept.; as Publication of the Hydrographic Division. 
515 |a Publication suspended 1943-51. 
546 |a Title also in Japanese; text of some issues in Japanese. 
550 |a Issued 19 by the Hydrographic Dept. (called in 19 Hydrographic Office); 19 by the division under a variant name: Hydrographic Office. 
650 0 |a Hydrography. 
650 0 |a Geophysics. 
760 1 |t Publication of the Hydrographic Dept. 
760 1 |t Publication of the Hydrographic Division 
999 |a MARS 
999 f f |s 450b7a01-4e56-3f29-a0d6-2190be894522  |i e9e782f9-bdae-3931-bb46-165e026a9173  |t 0 
952 f f |p ric  |a Texas A&M University  |b Rellis Campus  |c Joint Library Facility  |d Remote Storage  |t 0  |e VK597.J3 A3  |h Library of Congress classification  |i unmediated -- volume  |k v.11  |l 1952  |m A14842539927 
952 f f |p ric  |a Texas A&M University  |b Rellis Campus  |c Joint Library Facility  |d Remote Storage  |t 0  |e VK597.J3 A3  |h Library of Congress classification  |i unmediated -- volume  |k v.6  |l 1983  |m A14842540164 
998 f f |a VK597.J3 A3  |s v.6 (1933),v.11 (1952)  |t 0  |l Remote Storage